000 00985nam a2200241Ia 4500
001 9676
003 GE_BSU
008 181216s||||||||xx |||||||||||||| ||und||
040 _cGE_BSU
080 _a821.353.1–1
100 _aნადირაძე,კოლაუ
245 _aდიდ გზასთან
245 _bლექსები.საყვარელი მამის დაუვიწყარ ხსოვნას ვუძღვნი ამ წიგნს
245 _cრედ.დ.ბენაშვილი
260 _aთბილისი
260 _bსაბჭ.მწერალი
260 _c1946
300 _a142გვ.21სმ.
300 _cთავფურც. მე–2 გვ.
653 _aდიდ გზასთან
653 _aლექსები.საყვარელი მამის დაუვიწყარ ხსოვნას ვუძღვნი ამ წიგნს
942 _cBK
999 _c42960
_d42960